| 000 | 00674nam a2200217 u 4500 | ||
|---|---|---|---|
| 005 | 20240911064512.0 | ||
| 008 | 120125s2004 r 000 0 eng d | ||
| 020 | _a8476587678 | ||
| 035 | _aUPN01000183137 | ||
| 049 | _aCG | ||
| 050 | 4 |
_aH85 _bI5.6 |
|
| 245 | 0 | 3 |
_aLa interdisciplina en las ciencias sociales / _ccoord. Rocío Rosales Ortega. |
| 260 |
_aBarcelona, Esp. : _bAnthropos : _bUAM, _c2006. |
||
| 300 | _a159 p. | ||
| 440 | 0 |
_aCuadernos A. _pTemas de innovación social ; _v21 |
|
| 650 | 4 |
_aInvestigación interdisciplinaria _97388 |
|
| 650 | 4 |
_aCiencias sociales _99133 |
|
| 700 | 1 |
_aRosales Ortega, Rocío, _ecoord. |
|
| 905 | _aLibro | ||
| 999 |
_c155240 _d155240 |
||